000 00304nam a2200133Ia 4500
005 20251222155141.0
008 251222s9999||||xx |||||||||||||| ||spa||
082 _aSOC.59
100 _aCARRERA PALAO Rosa.
245 0 _aMedicina Legal
250 _a1ra. ed.
264 _bAlfa Editores
942 _cLIB
999 _c39197
_d39197